000 00877cam a2200265 a 4500
005 20260322212016.0
008 data
010 _a 88020387
020 _a0517571579 :
_c{dollar}12.95
020 _a9780517571576 :
_c{dollar}12.95
040 _aDLC
_cDLC
_dDLC
043 _an-us---
050 0 0 _aPN6231.G8
_bW96 1989
082 0 0 _a818/.5402
_220
092 _a818 W96 1989
100 1 _aWyse, Lois.
245 1 0 _aFunny, you don't look like a grandmother /
_cLois Wyse.
250 _aLarge print edition.
260 _aMaine :
_bThorndike Press,
_cc1989.
300 _a151 p. :
_bill. ;
_c21 cm.
650 0 _aGrandmothers
_zUnited States
_xAnecdotes.
856 4 2 _3Contributor biographical information
_uhttp://www.loc.gov/catdir/bios/random056/88020387.html
856 4 2 _3Publisher description
_uhttp://www.loc.gov/catdir/description/random0413/88020387.html
001 data
999 _c338
_d338